Light (Record no. 15810)

000 -LEADER
fixed length control field 00520nam a22002051 4500
001 - CONTROL NUMBER
control field 15810
003 - CONTROL NUMBER IDENTIFIER
control field BD-DhUET
008 - FIXED-LENGTH DATA ELEMENTS--GENERAL INFORMATION
fixed length control field 921020s1963 enk 000 0 eng d
040 ## - CATALOGING SOURCE
Original cataloging agency DLC
Transcribing agency DLC
Modifying agency BD-DhUET
082 ## - DEWEY DECIMAL CLASSIFICATION NUMBER
Classification number 535
Item number DIT/1963
100 1# - MAIN ENTRY--PERSONAL NAME
Personal name Ditchburn, R. W.
245 10 - TITLE STATEMENT
Title Light
250 ## - EDITION STATEMENT
Edition statement 2nd ed.
260 ## - PUBLICATION, DISTRIBUTION, ETC. (IMPRINT)
Place of publication, distribution, etc. London
Name of publisher, distributor, etc. Blackie & Son
Date of publication, distribution, etc. 1963
300 ## - PHYSICAL DESCRIPTION
Extent xii, 833 p.
Other physical details ill.
490 ## - SERIES STATEMENT
Series statement Titles in the E. L. B. S. Low-Priced textbook series
504 ## - BIBLIOGRAPHY, ETC. NOTE
Bibliography, etc Includes bibliographies
650 #0 - SUBJECT ADDED ENTRY--TOPICAL TERM
Topical term or geographic name as entry element Light
942 ## - ADDED ENTRY ELEMENTS (KOHA)
Koha item type General Book
Holdings
Copy number Koha normalized classification for sorting Koha item type Shelving location Source of classification or shelving scheme Damaged status Location (home branch) Koha date last seen Not for loan Lost status Piece designation (barcode) Sublocation or collection (holding branch) Withdrawn status Price effective from Koha full call number Date acquired
1535_000000000000000_DIT_1963General BookCirculation section  Central Library, BUET2015-03-15  13453Central Library, BUET 2015-03-15535/DIT/19632015-03-15
2535_000000000000000_DIT_1963General BookCirculation section  Central Library, BUET2015-03-19  13450Central Library, BUET 2015-03-19535/DIT/19632015-03-19
3535_000000000000000_DIT_1963General BookCirculation section  Central Library, BUET2015-03-19  20826Central Library, BUET 2015-03-19535/DIT/19632015-03-19
4535_000000000000000_DIT_1963General BookCirculation section  Central Library, BUET2015-03-21  16978Central Library, BUET 2015-03-21535/DIT/19632015-03-21
5535_000000000000000_DIT_1963General BookCirculation section  Central Library, BUET2015-03-21  13451Central Library, BUET 2015-03-21535/DIT/19632015-03-21
6535_000000000000000_DIT_1963General BookCirculation section  Central Library, BUET2015-03-21  20825Central Library, BUET 2015-03-21535/DIT/19632015-03-21
7535_000000000000000_DIT_1963General BookCirculation section  Central Library, BUET2015-03-21  5241Central Library, BUET 2015-03-21535/DIT/19632015-03-21
8535_000000000000000_DIT_1963General BookCirculation section  Central Library, BUET2015-03-21  13452Central Library, BUET 2015-03-21535/DIT/19632015-03-21